| Tag |
First Indicator |
Second Indicator |
Subfields |
| LEADER |
00000cam a2200000 a 4500 |
| 001 |
in00000014072 |
| 005 |
20151007052131.0 |
| 008 |
861001s1987 mdua b 00110 eng |
| 010 |
|
|
|a 86021139
|
| 020 |
|
|
|a 0801833604 (alk. paper)
|
| 035 |
|
|
|a (OCoLC)14411804
|
| 035 |
|
|
|9 AAA6422AM
|
| 040 |
|
|
|a DNLM/DLC
|c DLC
|d VET
|d TXA
|d UtOrBLW
|
| 043 |
|
|
|a n-us---
|
| 049 |
|
|
|a TXAM
|c [A12607679]
|
| 050 |
0 |
0 |
|a RA981.A2
|b F58 1987
|
| 060 |
|
0 |
|a WX 150 F631h
|
| 082 |
0 |
|
|a 362.1/1
|2 19
|
| 100 |
1 |
|
|a Flood, Ann Barry,
|d 1944-
|
| 245 |
1 |
0 |
|a Hospital structure and performance /
|c Ann Barry Flood and W. Richard Scott ; with Byron W. Brown, Jr. [and others].
|
| 264 |
|
1 |
|a Baltimore :
|b Johns Hopkins University Press,
|c [1987]
|
| 264 |
|
4 |
|c ©1987
|
| 300 |
|
|
|a xviii, 396 pages :
|b illustrations ;
|c 24 cm.
|
| 336 |
|
|
|a text
|b txt
|2 rdacontent
|
| 337 |
|
|
|a unmediated
|b n
|2 rdamedia
|
| 338 |
|
|
|a volume
|b nc
|2 rdacarrier
|
| 490 |
1 |
|
|a The Johns Hopkins series in contemporary medicine and public health
|
| 504 |
|
|
|a Bibliography: pages [363]-382.
|
| 500 |
|
|
|a Includes indexes.
|
| 650 |
|
0 |
|a Hospital care
|z United States
|x Evaluation.
|
| 650 |
|
0 |
|a Hospitals
|z United States
|x Administration.
|
| 650 |
|
0 |
|a Hospital care
|x Evaluation.
|
| 650 |
|
0 |
|a Hospitals
|x Administration.
|
| 700 |
1 |
|
|a Scott, W. Richard.
|
| 830 |
|
0 |
|a Johns Hopkins series in contemporary medicine and public health.
|
| 999 |
|
|
|a MARS
|
| 999 |
f |
f |
|s 6808215e-7600-3233-9e2e-e9ee278a1d53
|i 660809fb-a52b-34f9-b55d-a3cb882a98f7
|t 0
|
| 952 |
f |
f |
|p ric
|a Texas A&M University
|b Rellis Campus
|c Joint Library Facility
|d Remote Storage
|t 0
|e RA981.A2 F58 1987
|h Library of Congress classification
|i unmediated -- volume
|m A14812607679
|
| 998 |
f |
f |
|a RA981.A2 F58 1987
|t 0
|l Remote Storage
|